| 000 | 02391nam a22003254i 4500 | ||
|---|---|---|---|
| 001 | 991061595575306706 | ||
| 003 | ES-BaIT | ||
| 005 | 20260120132126.0 | ||
| 008 | 260120e202511 sp 000 d spa c | ||
| 017 |
_aDL M 19066-2025 _bOficina DL Madrid |
||
| 020 | _a9791387624231 | ||
| 040 |
_aES-BaIT _bcat _erda _cES-BaIT |
||
| 080 | _a840-2"19" | ||
| 100 | 1 |
_aIdée, Jean-Claude _eautor _9168076 |
|
| 240 | 1 |
_aFrancisco Ferrer. Vive l'École Moderne. _lCastellà _9168077 |
|
| 245 | 1 | 0 |
_aFrancisco Ferrer: «¡Viva la Escuela Moderna!» / _cJean-Claude Idée ; traducción de Pollux Hernúñez |
| 250 | _aPrimera edición | ||
| 264 | 1 |
_aMadrid, España : _bPunto de Vista Editores, _cnoviembre 2025 |
|
| 336 |
_atext _btxt _2rdacontent |
||
| 337 |
_asense mediació _bn _2rdamedia |
||
| 338 |
_avolum _bnc _2rdacarrier |
||
| 490 | 1 |
_aColección Mínima Teatro ; _v27 |
|
| 500 | _aP4: D1, H3 | ||
| 520 | _a"En octubre de 1909, Francisco Ferrer, pedagogo, librepensador y fundador de la Escuela Moderna, fue fusilado en Montjuïc tras un proceso militar plagado de irregularidades. Su nombre, borrado de la historia oficial, sigue siendo para muchos desconocido, pese a que sus ideas sobre una enseñanza laica, mixta, crítica y emancipadora marcaron a generaciones de educadores. En esta pieza teatral, el dramaturgo belga Jean-Claude Idée convierte aquel episodio en materia escénica: la voz del acusado, los interrogatorios, las memorias familiares y las heridas de una España dividida vuelven a resonar. Más que una biografía dramatizada, esta obra es un alegato contra el olvido y una reivindicación de la educación como acto revolucionario. Traducida por Pollux Hernúñez, llega por primera vez al lector en español para recordar que la pedagogía también se escribe con pólvora y tiza. Francisco Ferrer: «¡Viva la Escuela Moderna!» se estrenó en París en 2018, y en Bruselas en 2022. Ahora, por primera vez, llega al lector en español en la Colección Mínima Teatro de Punto de Vista Editores, que publica esta versión traducida por Pollux Hernúñez como parte de su compromiso con la memoria, la escena y la palabra crítica." -- Pàgina web Llar del llibre | ||
| 600 | 1 | 0 |
_aFerrer, Francisco _vTextos dramàtics _9168078 |
| 700 |
_aHernúñez, Pollux _etraductor _9150718 |
||
| 830 |
_aMínima teatro _v27 _976603 |
||
| 908 | _aCDMAE | ||
| 942 |
_2udc _c1 |
||
| 999 |
_c136897 _d136897 |
||